000 00794nam a2200241Ia 4500
005 20220309155553.0
008 210716s2017 xx 000 0 und d
020 _a9789352734672
040 _cAIMIT LIBRARY
041 _aeng
082 _a336.242
_21
_bTHOT
100 _aThoomkuzhy, Thomas Joseph.
_923077
245 _aGST:
_bessentials of goods and services tax /
_cBy Dr Thomas Joseph Thoomkuzhy ,Dr. Jaya Jacob M and Chinnu Mariam Chacko.
250 _a1st ed.
260 _aNew Delhi :
_bHimalaya Publishing House ,
_c2017.
300 _avi,212p. ;
_c24 cm.
650 _aGST
_923078
650 _aPayment of Tax.
_923091
650 _aAudit.
_923092
650 _aTransfer of Input tax credit.
_923093
700 _aJacob M, Jaya.
_923094
942 _2ddc
_cBK
_e1st
_k336.242 THOT
999 _c210405
_d210405